<?xml version="1.0" encoding="UTF-8"?>
<record
    xmlns:xsi="http://www.w3.org/2001/XMLSchema-instance"
    xsi:schemaLocation="http://www.loc.gov/MARC21/slim http://www.loc.gov/standards/marcxml/schema/MARC21slim.xsd"
    xmlns="http://www.loc.gov/MARC21/slim">

  <leader>00677nam a22001817a 4500</leader>
  <controlfield tag="003">0</controlfield>
  <controlfield tag="005">20160609165503.0</controlfield>
  <controlfield tag="008">100517t        xxu||||| |||| 00| 0 eng d</controlfield>
  <datafield tag="020" ind1=" " ind2=" ">
    <subfield code="a">973 99919 63 05 1</subfield>
  </datafield>
  <datafield tag="040" ind1=" " ind2=" ">
    <subfield code="a">ENAM</subfield>
    <subfield code="b">Fr</subfield>
    <subfield code="c">ENAM</subfield>
  </datafield>
  <datafield tag="110" ind1=" " ind2=" ">
    <subfield code="a">B&#xE9;nin. Minist&#xE8;re de la Justice, de la L&#xE9;gislation et des Droits de l'Homme</subfield>
    <subfield code="9">5205</subfield>
  </datafield>
  <datafield tag="245" ind1=" " ind2=" ">
    <subfield code="a">Le code de l'enfant au B&#xE9;nin : textes l&#xE9;gislatifs et conventionnels</subfield>
  </datafield>
  <datafield tag="260" ind1=" " ind2=" ">
    <subfield code="a">Cotonou</subfield>
    <subfield code="b">Minist&#xE8;re de la Justice, de la L&#xE9;gislation et des Droits de l'Homme</subfield>
    <subfield code="c">2005</subfield>
  </datafield>
  <datafield tag="270" ind1=" " ind2=" ">
    <subfield code="k">(229) 21 31 31 46/47</subfield>
    <subfield code="l">(229) 21 31 31 48</subfield>
  </datafield>
  <datafield tag="300" ind1=" " ind2=" ">
    <subfield code="a">650 p.</subfield>
    <subfield code="c">21, 5 cm.</subfield>
  </datafield>
  <datafield tag="650" ind1=" " ind2=" ">
    <subfield code="a">Enfant : code ; L&#xE9;gislation </subfield>
    <subfield code="b">B&#xE9;nin</subfield>
    <subfield code="9">5206</subfield>
  </datafield>
  <datafield tag="942" ind1=" " ind2=" ">
    <subfield code="c">LIVR</subfield>
  </datafield>
  <datafield tag="999" ind1=" " ind2=" ">
    <subfield code="c">47130</subfield>
    <subfield code="d">47130</subfield>
  </datafield>
  <datafield tag="952" ind1=" " ind2=" ">
    <subfield code="0">0</subfield>
    <subfield code="1">0</subfield>
    <subfield code="4">0</subfield>
    <subfield code="7">0</subfield>
    <subfield code="a">BENAM</subfield>
    <subfield code="b">BENAM</subfield>
    <subfield code="d">2010-05-17</subfield>
    <subfield code="e">Don du MJLDH</subfield>
    <subfield code="l">0</subfield>
    <subfield code="o">392.37(668.2) COD</subfield>
    <subfield code="p">8792ENAM</subfield>
    <subfield code="r">2010-05-17 00:00:00</subfield>
    <subfield code="w">2010-05-17</subfield>
    <subfield code="y">LIVR</subfield>
  </datafield>
  <datafield tag="952" ind1=" " ind2=" ">
    <subfield code="0">0</subfield>
    <subfield code="1">0</subfield>
    <subfield code="4">0</subfield>
    <subfield code="7">0</subfield>
    <subfield code="a">BENAM</subfield>
    <subfield code="b">BENAM</subfield>
    <subfield code="d">2010-05-17</subfield>
    <subfield code="e">Don du MJLDH</subfield>
    <subfield code="l">0</subfield>
    <subfield code="o">392.37(668.2) COD</subfield>
    <subfield code="p">8777ENAM</subfield>
    <subfield code="r">2010-05-17 00:00:00</subfield>
    <subfield code="w">2010-05-17</subfield>
    <subfield code="y">LIVR</subfield>
  </datafield>
  <datafield tag="952" ind1=" " ind2=" ">
    <subfield code="0">0</subfield>
    <subfield code="1">0</subfield>
    <subfield code="4">0</subfield>
    <subfield code="7">0</subfield>
    <subfield code="a">BENAM</subfield>
    <subfield code="b">BENAM</subfield>
    <subfield code="d">2010-05-17</subfield>
    <subfield code="e">Don du MJLDH</subfield>
    <subfield code="l">0</subfield>
    <subfield code="o">392.37(668.2) COD</subfield>
    <subfield code="p">8779ENAM</subfield>
    <subfield code="r">2010-05-17 00:00:00</subfield>
    <subfield code="w">2010-05-17</subfield>
    <subfield code="y">LIVR</subfield>
  </datafield>
  <datafield tag="952" ind1=" " ind2=" ">
    <subfield code="0">0</subfield>
    <subfield code="1">0</subfield>
    <subfield code="4">0</subfield>
    <subfield code="7">0</subfield>
    <subfield code="a">BENAM</subfield>
    <subfield code="b">BENAM</subfield>
    <subfield code="d">2010-05-17</subfield>
    <subfield code="e">Don du MJLDH</subfield>
    <subfield code="l">0</subfield>
    <subfield code="o">392.37(668.2) COD</subfield>
    <subfield code="p">8781ENAM</subfield>
    <subfield code="r">2010-05-17 00:00:00</subfield>
    <subfield code="w">2010-05-17</subfield>
    <subfield code="y">LIVR</subfield>
  </datafield>
  <datafield tag="952" ind1=" " ind2=" ">
    <subfield code="0">0</subfield>
    <subfield code="1">0</subfield>
    <subfield code="4">0</subfield>
    <subfield code="7">0</subfield>
    <subfield code="a">BENAM</subfield>
    <subfield code="b">BENAM</subfield>
    <subfield code="d">2010-05-17</subfield>
    <subfield code="e">Don du MJLDH</subfield>
    <subfield code="l">0</subfield>
    <subfield code="o">392.37(668.2) COD</subfield>
    <subfield code="p">8776ENAM</subfield>
    <subfield code="r">2010-05-17 00:00:00</subfield>
    <subfield code="w">2010-05-17</subfield>
    <subfield code="y">LIVR</subfield>
  </datafield>
  <datafield tag="952" ind1=" " ind2=" ">
    <subfield code="0">0</subfield>
    <subfield code="1">0</subfield>
    <subfield code="4">0</subfield>
    <subfield code="7">0</subfield>
    <subfield code="a">BENAM</subfield>
    <subfield code="b">BENAM</subfield>
    <subfield code="d">2010-05-17</subfield>
    <subfield code="e">Don du MJLDH</subfield>
    <subfield code="l">0</subfield>
    <subfield code="o">392.37(668.2) COD</subfield>
    <subfield code="p">8778ENAM</subfield>
    <subfield code="r">2010-05-17 00:00:00</subfield>
    <subfield code="w">2010-05-17</subfield>
    <subfield code="y">LIVR</subfield>
  </datafield>
  <datafield tag="952" ind1=" " ind2=" ">
    <subfield code="0">0</subfield>
    <subfield code="1">0</subfield>
    <subfield code="4">0</subfield>
    <subfield code="7">0</subfield>
    <subfield code="a">BENAM</subfield>
    <subfield code="b">BENAM</subfield>
    <subfield code="d">2010-05-17</subfield>
    <subfield code="e">Don du MJLDH</subfield>
    <subfield code="l">0</subfield>
    <subfield code="o">392.37(668.2) COD</subfield>
    <subfield code="p">8780ENAM</subfield>
    <subfield code="r">2010-05-17 00:00:00</subfield>
    <subfield code="w">2010-05-17</subfield>
    <subfield code="y">LIVR</subfield>
  </datafield>
  <datafield tag="952" ind1=" " ind2=" ">
    <subfield code="0">0</subfield>
    <subfield code="1">0</subfield>
    <subfield code="4">0</subfield>
    <subfield code="7">0</subfield>
    <subfield code="a">BENAM</subfield>
    <subfield code="b">BENAM</subfield>
    <subfield code="d">2010-05-17</subfield>
    <subfield code="e">Don du MJLDH</subfield>
    <subfield code="l">0</subfield>
    <subfield code="o">392.37(668.2) COD</subfield>
    <subfield code="p">8775ENAM</subfield>
    <subfield code="r">2010-05-17 00:00:00</subfield>
    <subfield code="w">2010-05-17</subfield>
    <subfield code="y">LIVR</subfield>
  </datafield>
  <datafield tag="952" ind1=" " ind2=" ">
    <subfield code="0">0</subfield>
    <subfield code="1">0</subfield>
    <subfield code="4">0</subfield>
    <subfield code="7">0</subfield>
    <subfield code="a">BENAM</subfield>
    <subfield code="b">BENAM</subfield>
    <subfield code="d">2010-05-17</subfield>
    <subfield code="e">Don du MJLDH</subfield>
    <subfield code="l">0</subfield>
    <subfield code="o">392.37(668.2) COD</subfield>
    <subfield code="p">8783ENAM</subfield>
    <subfield code="r">2010-05-17 00:00:00</subfield>
    <subfield code="w">2010-05-17</subfield>
    <subfield code="y">LIVR</subfield>
  </datafield>
</record>
